Principles of Spin Model Checker /

Guardado en:
Autor Principal: Ben-Ari, Mordechai.
Formato: Libro
Idioma:English
Publicado: Londres : Springer, 2008.
Acceso en línea:Publisher description
Table of contents only
Etiquetas: Agregar Etiqueta
Sin Etiquetas, Sea el primero en etiquetar este registro!
LEADER 00755cam a22002055a 4500
001 DCC.dcic001071
008 070710s2008####nyu###########000#0#eng##
005 20151130153501.0
245 1 0 |a Principles of Spin Model Checker /  |c Mordechai Ben-Ari. 
260 |a Londres :  |b Springer,  |c 2008. 
300 |a xv, 216 p. ;  |c 24 cm. 
500 |a Incluye índice, References, Links. 
020 |a 9781846287695 
020 |a 9781846287701 (e-ISBN) 
100 1 |a Ben-Ari, Mordechai. 
010 |a  2007932612 
040 |a DLC  |c DLC  |d DLC 
856 4 2 |3 Publisher description  |u http://www.loc.gov/catdir/enhancements/fy1402/2007932612-d.html 
856 4 1 |3 Table of contents only  |u http://www.loc.gov/catdir/enhancements/fy1402/2007932612-t.html 
859 |a DCIC  |b BIB. COMPUTACION  |p 2101